Регионална библиотека "Любен Каравелов" - Русе

Екологични основи на борбата с неприятелите по селскостопанските култури (Запис номер 57041)

MARC детайли
000 -Лидер
Контролно поле с фиксирана дължина nam a22 a 4500
003 - Код на организацията, давaща контролен номер
Контролно поле BLK
005 - Дата и час на последна редакция
Контролно поле 20220927102743.0
008 - Елементи от данни с фиксирана дължина
fixed length control field 180408b bul|||||r ||||||| ||bul||
010 ## - Наследен системен номер
LC control number KNG00061030000
040 ## - Източник на каталожния запис
Идентификатор на билиотеката - собственик на записа BLK
041 ## - Код за език
Код за езика на текст/звукозапис или на отделно заглавие Български
Код за езика КДБФ Български
080 ## - УДК
Текстов определител УДК Борба с болестите и вредителите на растенията
УДК код - определител по УДК 632.9
УДК - код + определител 632.9
100 1# - Редна дума - Автор
Автор Лазаров, Асен
Авторска отговорност първи автор
R(LIN) 369315
139 ## - Редно поле
Редна дума Лазаров, Асен
Авторски знак Лаз - Л 14
245 10 - Сведения за заглавието
Заглавие Екологични основи на борбата с неприятелите по селскостопанските култури
Подзаглавни данни Моногр.
Редно поле (дума) Асен Лазаров
257 ## - Страна на издаване
Страна на създаване/издаване България
260 ## - Област на издателските данни
Име на издателя, разпространителя и проч. Земиздат
Година на издаване 1975
Място на издаване, разпространение и проч. София
300 ## - Физическа характеристика
Страници 324 с.
Размери/Мащаб 25 см
380 ## - Жанр
Жанр Селско стопанство
500 ## - Общи забележки
Забележка Библиогр. с. 315-322.
650 #4 - Допълнително описание по предмет – тема
Основно описание – тема или топоним Селскостопански култури - болести и вредители - методи за борба
9 (RLIN) 260973
650 #4 - Допълнително описание по предмет – тема
Основно описание – тема или топоним Насекоми, вредни
9 (RLIN) 287296
650 #4 - Допълнително описание по предмет – тема
Основно описание – тема или топоним Растителна защита
9 (RLIN) 258069
653 ## - Ключова дума – ненормативна
Ключова дума селскостопански култури
653 ## - Ключова дума – ненормативна
Ключова дума вредни насекоми
653 ## - Ключова дума – ненормативна
Ключова дума растителна защита
852 ## - Местоположение
Форматна сигнатура Цб 75499
Фондова буква Хранилище
856 4# - Електронен адрес и достъп
Електронен формат pdf - файл
856 4# - Електронен адрес и достъп
Електронен формат pdf - файл
999 ## - СИСТЕМНИ КОНТРОЛНИ НОМЕРА
Koha biblionumber 57041
Koha biblioitemnumber 57041
942 ## - АРТИКУЛИ
Вид на библиотечния материал Книги
Скрит в OPAC Не
Периодичен библиозапис Да
944 ## - СЪЗДАВАНЕ И РЕДАКЦИЯ на ЗАПИСА
Създаване/Редакция Създаване
Дата на регистрацията/редакция 13.06.2004
Служител, извършил регистрацията/редакцията Читалня
944 ## - СЪЗДАВАНЕ И РЕДАКЦИЯ на ЗАПИСА
Създаване/Редакция Редакция
Дата на регистрацията/редакция 25.08.2015
944 ## - СЪЗДАВАНЕ И РЕДАКЦИЯ на ЗАПИСА
Създаване/Редакция Редакция
Дата на регистрацията/редакция 2022-09-27
999 ## - СИСТЕМНИ КОНТРОЛНИ НОМЕРА
Koha biblioitemnumber 57041
Наличности
Код за отписване Код за изгубен артикул Източник на класификационната схема Код за повреда Коз за рестрикции Код за отдаване Артикулен № Име на библиотеката - собственик Име на библиотеката, в която се намира в момента Статус (Текущо местоположение) Дата на вписване в системата Местоположение - отдел Цена в лева Инвентарен номер Систематично азбучна сигнатура Баркод Номер на екземпляра Цена в евро Служебна бележка Служебен тип на артикула
Изтеглен Не е изгубен Universal Decimal Classification Не е повреден без рестрикции ползва се в читалня 91655 Регионална библиотека "Любен Каравелов" Русе Регионална библиотека "Любен Каравелов" Русе Читалня 1993-01-01 Читалня 2.68 182132 Ч 632/Л 14 182132 1 1.37 Дата инв: 20.03.2017 Бележки инв: Ч2017 Книги
  Не е изгубен Universal Decimal Classification Не е повреден без рестрикции ползва се в читалня 91656 Регионална библиотека "Любен Каравелов" Русе Регионална библиотека "Любен Каравелов" Русе Хранилище 1975-01-01 Хранилище 2.68 181634 Цб 75499 120000181634 2 1.37 Дост: Dp Вид: Д N: стар фонд Дата: 01.01.1975 Книги
Vip Innovations Ltd, Rousse, Bulgaria 2025